书目信息 |
| 题名: |
低噪声频率合成
|
|
| 作者: | 白居宪 编 | |
| 分册: | ||
| 出版信息: | 西安 西安交通大学出版社 1995.05 |
|
| 页数: | 346页 | |
| 开本: | 20cm | |
| 丛书名: | ||
| 单 册: | ||
| 中图分类: | O423 | |
| 科图分类: | ||
| 主题词: | 声学 | |
| 电子资源: | ||
| ISBN: | 7-5605-0746-8 | |
| 000 | 00532nam0 2200193 45 | |
| 001 | 0458728003 | |
| 005 | 2004042816184353 | |
| 010 | @a7-5605-0746-8@dCNY 14.50 | |
| 100 | @a20040428d1995 km y0chiy0120 ea | |
| 101 | 0 | @achi |
| 102 | @aCN@b610000 | |
| 200 | 1 | @a低噪声频率合成@ADi Zao Sheng Pin Lu He Cheng@f白居宪编@FBai Ju Xian Bian |
| 210 | @a西安@c西安交通大学出版社@d1995.05 | |
| 215 | @a346页@d20cm | |
| 606 | 0 | @a声学 |
| 690 | @aO423@v3 | |
| 701 | 0 | @a白居宪@ABai Ju Xian@4编 |
| 801 | 0 | @aCN@bPFT@c20040428 |
| 905 | @dO423@eB127 | |
| 低噪声频率合成/白居宪编.-西安:西安交通大学出版社,1995.05 |
| 346页;20cm |
| ISBN 7-5605-0746-8:CNY 14.50 |
| ● |
| 相关链接 |
|
|
|
正题名:低噪声频率合成
索取号:O423/B127
 
预约/预借
| 序号 | 登录号 | 条形码 | 馆藏地/架位号 | 状态 | 备注 |
| 1 | 382392 | 203823924 | 自科库401/401自科库 88排1列3层/ [索取号:O423/B127] | 在馆 | |
| 2 | 382393 | 203823933 | 自科库401/401自科库 88排1列3层/ [索取号:O423/B127] | 在馆 | |
| 3 | 382394 | 203823942 | 自科库401/401自科库 88排1列3层/ [索取号:O423/B127] | 在馆 |